000 01246nam a2200349 c 4500
001 60706
003 CO-BoRNBP
005 20260317154443.0
007 ta
008 141031s2013 ck a br 000 fdspa d
020 _a9789583003738
040 _aCO-BoRNBP
_bspa
_erda
_cCO-BoRNBP
041 0 _aspa
043 _as-ck---
084 _aN
100 1 _aVélez González, Jaime Alberto,
_d1950-2003,
_eaut
_969474
245 1 0 _aBuenos días, noche /
_cJaime Alberto Vélez ; ilustrado por Henry González.
250 _aPrimera edición
264 1 _aBogotá, Colombia :
_bPanamericana Editorial,
_c2013
300 _a106 páginas :
_bilustraciones a color
336 _atexto
_btxt
_2rdacontent
337 _asin mediación
_bn
_2rdamedia
338 _avolumen
_bnc
_2rdacarrier
500 _aIncluye datos biográficos del autor en la solapa
521 1 _aRecomendado para un público infantil mayor de 8 años
650 1 7 _aGastronomía en la literatura
_2rnbp
_939977
650 1 7 _aNaturaleza en la literatura
_2rnbp
_91606
650 1 7 _aNovela infantil colombiana
_ySiglo XX
_2rnbp
_9365
650 1 7 _aLiteratura infantil colombiana
_ySiglo XX
_2rnbp
_9364
700 1 0 _aGonzález Torres, Henry Javier,
_eill
_939042
942 _2loc
_cBKLITI
999 _c60706
_d60706